[Event "33 Open Andorra Hotel St.Gothard "]
[Site "Erts-La Massana"]
[Date "2015.07.20"]
[Round "3.18"]
[White "Vazquez Igarza, Renier"]
[Black "Grollemund, Bertrand"]
[Result "1-0"]
[WhiteElo "2581"]
[BlackElo "2100"]
[PlyCount "95"]
[EventDate "2015.??.??"]

1. d4 g6 2. c4 Bg7 3. e4 c5 4. d5 d6 5. Nc3 e6 6. Nf3 Ne7 7. Be2 O-O 8. h3 h6
9. dxe6 Bxe6 10. Bf4 Nbc6 11. Qd2 Kh7 12. Bxd6 Qb6 13. Nd5 Bxd5 14. cxd5 Rfd8
15. Bxe7 Nxe7 16. O-O f5 17. Bd3 c4 18. Bxc4 fxe4 19. Nh2 Qc5 20. Rac1 Nf5 21.
Bb3 Qb6 22. Rfe1 Nd6 23. Ng4 Rf8 24. Qe3 Qxe3 25. Nxe3 Rac8 26. Nc4 Nxc4 27.
Rxc4 Rxc4 28. Bxc4 Bxb2 29. Rxe4 Bf6 30. Bb3 Rd8 31. Rb4 b6 32. Rc4 Be5 33. Re4
Bf6 34. Re6 Kg7 35. Kf1 Rd7 36. d6 b5 37. Bd5 a5 38. Bc6 Rd8 39. Bxb5 Bd4 40.
d7 Kf7 41. Re8 Bf6 42. Ke2 Be7 43. Kd3 Ke6 44. Ke4 Kd6 45. f4 h5 46. g4 hxg4
47. hxg4 Ke6 48. g5 1-0

[Event "33 Open Andorra Hotel St.Gothard "]
[Site "Erts-La Massana"]
[Date "2015.07.20"]
[Round "3.19"]
[White "Loiseau, Quentin"]
[Black "Lux, Hugo de Melo"]
[Result "1-0"]
[WhiteElo "2429"]
[BlackElo "2081"]
[PlyCount "51"]
[EventDate "2015.??.??"]

1. d4 Nf6 2. Nf3 e6 3. c4 c5 4. e3 cxd4 5. exd4 d5 6. Nc3 Nc6 7. a3 a6 8. Bd3
Be7 9. O-O O-O 10. Re1 dxc4 11. Bxc4 b5 12. Ba2 Bb7 13. Qd3 b4 14. Ne4 Nxe4 15.
Rxe4 Na5 16. Rg4 g6 17. Bh6 Re8 18. Bxe6 Bf6 19. Rxg6+ hxg6 20. Qxg6+ Kh8 21.
Bg7+ Bxg7 22. Qh5+ Bh6 23. Qxh6+ Kg8 24. Qg6+ Kh8 25. Bxf7 Be4 26. Qh6+ 1-0

[Event "33 Open Andorra Hotel St.Gothard "]
[Site "Erts-La Massana"]
[Date "2015.07.20"]
[Round "3.20"]
[White "Congiu, Mathilde"]
[Black "Jerez Perez, Alfonso"]
[Result "1-0"]
[WhiteElo "2303"]
[BlackElo "2406"]
[PlyCount "59"]
[EventDate "2015.??.??"]

1. e4 e6 2. d4 d5 3. Nd2 Nc6 4. Ngf3 Nf6 5. e5 Nd7 6. Nb3 Be7 7. Bb5 a5 8. a4
O-O 9. O-O Nb6 10. c3 Bd7 11. Nc5 Ra7 12. Re1 Nb8 13. Bd3 Bc6 14. Bc2 Na6 15.
Nd3 Bd7 16. Nf4 c5 17. Nh5 g6 18. Qd2 f5 19. exf6 Bxf6 20. Qh6 Qe7 21. Nxf6+
Qxf6 22. dxc5 Nc8 23. Be3 Qg7 24. Qxg7+ Kxg7 25. c6 bxc6 26. Bxa7 Nxa7 27. Ne5
Be8 28. Bd3 Nc5 29. b4 Nb7 30. b5 1-0

[Event "33 Open Andorra Hotel St.Gothard "]
[Site "Erts-La Massana"]
[Date "2015.07.21"]
[Round "4.1"]
[White "Aloma Vidal, Robert"]
[Black "Granda Zuniga, Julio E"]
[Result "0-1"]
[WhiteElo "2451"]
[BlackElo "2652"]
[PlyCount "68"]
[EventDate "2015.??.??"]

1. d4 Nf6 2. c4 e6 3. Nf3 b6 4. g3 Bb7 5. Bg2 g6 6. Nc3 Bg7 7. d5 O-O 8. O-O
exd5 9. cxd5 Re8 10. a4 Na6 11. a5 b5 12. d6 c6 13. Qb3 b4 14. Ng5 Rf8 15. Nce4
Nd5 16. Nxf7 Rxf7 17. Ng5 Rf5 18. e4 Rxg5 19. Bxg5 Qxg5 20. exd5 c5 21. Qc4 Qf6
22. Qb5 Bc8 23. Rae1 Qxd6 24. Re8+ Bf8 25. Re3 Nc7 26. Qa4 Ba6 27. Rfe1 Bg7 28.
Re7 Bb5 29. Qc2 Rf8 30. f4 Bd4+ 31. Kh1 Nxd5 32. Re8 Nf6 33. Rxf8+ Kxf8 34. f5
g5 0-1

[Event "33 Open Andorra Hotel St.Gothard "]
[Site "Erts-La Massana"]
[Date "2015.07.21"]
[Round "4.2"]
[White "Vovk, Yuri"]
[Black "Narciso Dublan, Marc"]
[Result "1-0"]
[WhiteElo "2632"]
[BlackElo "2521"]
[PlyCount "105"]
[EventDate "2015.??.??"]

1. d4 d6 2. Nf3 Bg4 3. c4 Bxf3 4. exf3 g6 5. Be3 Bg7 6. Nc3 c6 7. h4 h5 8. Bd3
e6 9. d5 exd5 10. cxd5 Ne7 11. Qb3 Nd7 12. O-O Ne5 13. Rfd1 Qd7 14. Be2 O-O 15.
Bg5 c5 16. Ne4 Nf5 17. Bb5 Qc7 18. Nf6+ Kh8 19. Rac1 Qa5 20. Bf1 Nd4 21. Qc3
Qxa2 22. Ra1 Qb3 23. Rxd4 Qxc3 24. bxc3 cxd4 25. cxd4 Nxf3+ 26. gxf3 Rfb8 27.
Rb1 b5 28. Rxb5 a5 29. Ne4 Rxb5 30. Bxb5 a4 31. Bc4 a3 32. Ba2 Bxd4 33. Nxd6
Kg7 34. Nc4 Bf6 35. f4 Bxg5 36. fxg5 Kf8 37. d6 Ra4 38. Kf1 Rb4 39. Ke2 Ke8 40.
Kd3 Rb5 41. Kc3 Rf5 42. Nxa3 Rxf2 43. Bd5 Kd7 44. Nc4 f6 45. Kd4 fxg5 46. hxg5
Rf5 47. Bg2 Rb5 48. Bh3+ Kc6 49. d7 Rd5+ 50. Ke4 Rd1 51. Ne5+ Kc7 52. Nf7 Re1+
53. Kf4 1-0

[Event "33 Open Andorra Hotel St.Gothard "]
[Site "Erts-La Massana"]
[Date "2015.07.21"]
[Round "4.3"]
[White "Kalegin, Evgenij"]
[Black "Iturrizaga Bonelli, Eduardo"]
[Result "1/2-1/2"]
[WhiteElo "2445"]
[BlackElo "2625"]
[PlyCount "46"]
[EventDate "2015.??.??"]

1. e4 c5 2. Nf3 e6 3. g3 Nc6 4. Bg2 Nf6 5. Qe2 e5 6. O-O d6 7. c3 Bg4 8. h3 Bh5
9. a3 Be7 10. b4 O-O 11. d3 Ne8 12. Nbd2 Nc7 13. Nc4 b5 14. Ne3 a5 15. bxc5
dxc5 16. Nf5 f6 17. Be3 Qe8 18. d4 exd4 19. cxd4 cxd4 20. N5xd4 Nxd4 21. Bxd4
Ne6 22. Bb2 Rd8 23. Rfd1 Rxd1+ 1/2-1/2

[Event "33 Open Andorra Hotel St.Gothard "]
[Site "Erts-La Massana"]
[Date "2015.07.21"]
[Round "4.4"]
[White "Vovk, Andrey"]
[Black "Asis Gargatagli, Hipolito"]
[Result "1-0"]
[WhiteElo "2621"]
[BlackElo "2472"]
[PlyCount "75"]
[EventDate "2015.??.??"]

1. e4 c5 2. Nf3 d6 3. Bb5+ Nd7 4. d4 cxd4 5. Qxd4 a6 6. Be2 Ngf6 7. O-O g6 8.
Nc3 Bg7 9. Rd1 O-O 10. e5 Nh5 11. Qh4 dxe5 12. Bg5 f6 13. Be3 e6 14. Rd6 Nf4
15. Bxf4 exf4 16. Bc4 Qc7 17. Bxe6+ Kh8 18. Rad1 Nb6 19. Bxc8 Raxc8 20. h3 Rfe8
21. Qg4 Nc4 22. Rd7 Qc6 23. Qxf4 b5 24. b3 Ne5 25. Nxe5 Rxe5 26. R7d3 Rce8 27.
Nd5 Qxc2 28. Nxf6 Rf5 29. Qxf5 gxf5 30. Nxe8 Bf8 31. Nd6 f4 32. Ne4 Kg7 33. Ng5
Be7 34. R3d2 Qf5 35. Nf3 Bf6 36. Rd7+ Kg6 37. R7d6 Qc2 38. R1d2 1-0

[Event "33 Open Andorra Hotel St.Gothard "]
[Site "Erts-La Massana"]
[Date "2015.07.21"]
[Round "4.5"]
[White "Gozzoli, Yannick"]
[Black "Pulvett Marin, Daniel"]
[Result "1/2-1/2"]
[WhiteElo "2567"]
[BlackElo "2446"]
[PlyCount "137"]
[EventDate "2015.??.??"]

1. d4 Nf6 2. Nf3 e6 3. c4 b6 4. Nc3 Bb4 5. Bg5 Bb7 6. e3 h6 7. Bh4 g5 8. Bg3
Ne4 9. Qc2 Bxc3+ 10. bxc3 d6 11. c5 bxc5 12. Bb5+ Kf8 13. Rb1 f5 14. O-O Bc6
15. Nd2 Nxd2 16. Qxd2 Bxb5 17. Rxb5 Nd7 18. f3 Rh7 19. e4 f4 20. Bf2 c4 21. a4
c6 22. Rb7 d5 23. Rfb1 Rf7 24. Qa2 Kg8 25. a5 a6 26. Qa3 Qf8 27. Qxf8+ Kxf8 28.
Rc7 Ne5 29. Rxf7+ Nxf7 30. e5 Nd8 31. g3 fxg3 32. hxg3 Ke7 33. Be3 Ra7 34. Bc1
Rb7 35. Ba3+ Kd7 36. Rc1 Rb3 37. Bf8 h5 38. Kf2 Rb2+ 39. Ke3 Rg2 40. Rh1 Rxg3
41. Rxh5 g4 42. Rh7+ Ke8 43. Bb4 Rxf3+ 44. Ke2 Nf7 45. Rg7 Rf4 46. Ke3 Rf3+ 47.
Ke2 Rf4 48. Ke3 Rf5 49. Rg8+ Kd7 50. Rxg4 Ng5 51. Rh4 Rf3+ 52. Ke2 Rh3 53. Rg4
c5 54. dxc5 Ne4 55. Rg8 Nxc3+ 56. Bxc3 Rxc3 57. Ra8 d4 58. Rxa6 Re3+ 59. Kd2
c3+ 60. Kc2 Re2+ 61. Kc1 Rxe5 62. Rd6+ Kc7 63. Rxd4 Rxc5 64. Ra4 Kb7 65. a6+
Ka7 66. Kc2 Rc6 67. Ra3 Rxa6 68. Rxa6+ Kxa6 69. Kxc3 1/2-1/2

[Event "33 Open Andorra Hotel St.Gothard "]
[Site "Erts-La Massana"]
[Date "2015.07.21"]
[Round "4.6"]
[White "Demuth, Adrien"]
[Black "Barbot, Pierre"]
[Result "1/2-1/2"]
[WhiteElo "2531"]
[BlackElo "2445"]
[PlyCount "31"]
[EventDate "2015.??.??"]

1. Nf3 Nf6 2. c4 e6 3. g3 b6 4. Bg2 Bb7 5. O-O c5 6. Nc3 Be7 7. d4 cxd4 8. Qxd4
Nc6 9. Qf4 O-O 10. Rd1 Qb8 11. b3 Bb4 12. Qxb8 Raxb8 13. Bb2 a6 14. Na4 Ba8 15.
Ne5 b5 16. cxb5 1/2-1/2

[Event "33 Open Andorra Hotel St.Gothard "]
[Site "Erts-La Massana"]
[Date "2015.07.21"]
[Round "4.7"]
[White "Kogan, Artur"]
[Black "Abergel, Thal"]
[Result "1-0"]
[WhiteElo "2526"]
[BlackElo "2440"]
[PlyCount "71"]
[EventDate "2015.??.??"]

1. e4 c5 2. Nf3 e6 3. d4 cxd4 4. Nxd4 a6 5. Be2 Nf6 6. Nc3 Qc7 7. O-O d6 8. f4
Nbd7 9. Bf3 Be7 10. g4 O-O 11. g5 Ne8 12. a4 b6 13. Bg2 Bb7 14. f5 e5 15. f6
Bxf6 16. gxf6 exd4 17. fxg7 Nxg7 18. Qxd4 Ne6 19. Qf2 Kh8 20. Nd5 Bxd5 21. exd5
Ng7 22. Ra3 f5 23. Be3 Rae8 24. Bd4 Ne5 25. Rh3 f4 26. Be4 Nf5 27. Bc3 Qg7+ 28.
Kh1 Nh6 29. Qh4 Rf6 30. Rxf4 Rxf4 31. Qxf4 Rf8 32. Qg3 Qf6 33. Bg2 Nf5 34. Qf2
Rg8 35. Rf3 Rg5 36. Bh3 1-0

[Event "33 Open Andorra Hotel St.Gothard "]
[Site "Erts-La Massana"]
[Date "2015.07.21"]
[Round "4.8"]
[White "Tkachiev, Vladislav"]
[Black "Loiseau, Quentin"]
[Result "1-0"]
[WhiteElo "2661"]
[BlackElo "2429"]
[PlyCount "57"]
[EventDate "2015.??.??"]

1. c4 c6 2. e4 d5 3. exd5 cxd5 4. d4 Nf6 5. Nc3 e6 6. cxd5 Nxd5 7. Bd3 Nc6 8.
Nf3 Be7 9. O-O O-O 10. Re1 Qd6 11. a3 Rd8 12. Qe2 Nf4 13. Bxf4 Qxf4 14. Rad1
Nxd4 15. Nxd4 Rxd4 16. Qc2 Rd8 17. Bxh7+ Kh8 18. Rxd8+ Bxd8 19. Rd1 Bb6 20. Be4
f5 21. Bf3 Bc7 22. h3 Qh2+ 23. Kf1 e5 24. Nd5 Bd8 25. Nc7 Bxc7 26. Qxc7 Be6 27.
Bxb7 Rf8 28. Rd8 Bc4+ 29. Qxc4 1-0

[Event "33 Open Andorra Hotel St.Gothard "]
[Site "Erts-La Massana"]
[Date "2015.07.21"]
[Round "4.9"]
[White "Sos Andreu, Eric"]
[Black "Vazquez Igarza, Renier"]
[Result "0-1"]
[WhiteElo "2362"]
[BlackElo "2581"]
[PlyCount "72"]
[EventDate "2015.??.??"]

1. d4 Nf6 2. c4 e6 3. g3 c5 4. d5 exd5 5. cxd5 d6 6. Nc3 g6 7. Nf3 Bg7 8. Bg2
O-O 9. O-O Nbd7 10. a4 Re8 11. Nd2 Nh5 12. Nce4 Ndf6 13. Nxf6+ Nxf6 14. Nc4 b6
15. Re1 Ba6 16. Qc2 Ng4 17. Rb1 Qf6 18. Rf1 Qd4 19. Ne3 Nxe3 20. Bxe3 Qc4 21.
Qxc4 Bxc4 22. Rfe1 Bb3 23. Bf4 Rad8 24. Ra1 Bxb2 25. Rab1 Bc3 26. Rec1 Ba2 27.
Rb5 Bb4 28. a5 bxa5 29. e4 a4 30. Bg5 Rd7 31. Bh3 Rde7 32. Bxe7 Rxe7 33. Bg2 a3
34. f3 Bb3 35. Bf1 a2 36. Kg2 a5 0-1

[Event "33 Open Andorra Hotel St.Gothard "]
[Site "Erts-La Massana"]
[Date "2015.07.21"]
[Round "4.10"]
[White "Diaz Camallonga, Carles"]
[Black "Lagarde, Maxime"]
[Result "0-1"]
[WhiteElo "2358"]
[BlackElo "2544"]
[PlyCount "124"]
[EventDate "2015.??.??"]

1. e4 e6 2. d4 d5 3. Nc3 Bb4 4. e5 c5 5. Bd2 Ne7 6. Nb5 Bxd2+ 7. Qxd2 O-O 8.
dxc5 Nd7 9. Qc3 a6 10. Nd6 Qc7 11. Nf3 Qxc5 12. Qxc5 Nxc5 13. Bd3 Bd7 14. b4
Nxd3+ 15. cxd3 b6 16. O-O Nc8 17. Rfc1 Nxd6 18. exd6 Rfd8 19. Rc7 Be8 20. Rac1
Rxd6 21. Rb7 a5 22. bxa5 bxa5 23. Ne5 Rdd8 24. f4 Rdc8 25. Rcb1 f6 26. Nd7 Bxd7
27. Rxd7 Rab8 28. Rxb8 Rxb8 29. f5 exf5 30. Rxd5 Rb1+ 31. Kf2 Rb2+ 32. Kf3 Rxa2
33. Rxf5 Kf7 34. Rb5 g5 35. h4 gxh4 36. Rh5 Ra4 37. Rxh7+ Kg6 38. Ra7 Kf5 39.
Ra8 Ra3 40. Ke3 Ra2 41. Kf3 a4 42. Rh8 a3 43. Rxh4 Rd2 44. Rh5+ Ke6 45. Ra5 a2
46. g4 Rxd3+ 47. Ke4 Rd2 48. Ra6+ Kd7 49. Ke3 Rg2 50. Kf3 Rh2 51. Kg3 Rc2 52.
Kf4 Kc7 53. Kf5 Kb7 54. Ra3 Rf2+ 55. Ke4 Kb6 56. Kd5 Kb5 57. Ke6 Kb4 58. Ra8
Kb3 59. Rb8+ Kc2 60. Ra8 Kb1 61. Rb8+ Rb2 62. Ra8 Rb6+ 0-1

[Event "33 Open Andorra Hotel St.Gothard "]
[Site "Erts-La Massana"]
[Date "2015.07.21"]
[Round "4.11"]
[White "Trigo Urquijo, Sergio"]
[Black "Arizmendi Martinez, Julen Luis"]
[Result "1/2-1/2"]
[WhiteElo "2358"]
[BlackElo "2529"]
[PlyCount "20"]
[EventDate "2015.??.??"]

1. d4 e6 2. c4 Nf6 3. Nc3 Bb4 4. e3 O-O 5. Bd3 d5 6. Nf3 c5 7. O-O b6 8. cxd5
exd5 9. dxc5 bxc5 10. Ne2 Qe7 1/2-1/2

[Event "33 Open Andorra Hotel St.Gothard "]
[Site "Erts-La Massana"]
[Date "2015.07.21"]
[Round "4.12"]
[White "Trepat Herranz, Joan"]
[Black "Bernal Moro, Luis Javier"]
[Result "1-0"]
[WhiteElo "2351"]
[BlackElo "2435"]
[PlyCount "73"]
[EventDate "2015.??.??"]

1. e4 c5 2. Nf3 e6 3. d4 cxd4 4. Nxd4 Nf6 5. Nc3 d6 6. Be2 Nc6 7. Be3 Be7 8.
O-O Bd7 9. Ndb5 Qb8 10. a4 O-O 11. Qd2 Rd8 12. f4 a6 13. Nd4 Nxd4 14. Bxd4 Bc6
15. Bb6 Rc8 16. Bd3 Nd7 17. Bd4 b5 18. axb5 axb5 19. Rae1 e5 20. Nd5 Bxd5 21.
exd5 exd4 22. Rxe7 Nf6 23. Qf2 Nxd5 24. Re4 Ne3 25. Re1 Qb6 26. c3 Nf5 27. g4
d5 28. Re5 Ne3 29. h3 f6 30. Re7 Re8 31. Rxe8+ Rxe8 32. cxd4 Qxd4 33. Bxb5 Re4
34. Bc6 Kf8 35. b4 Nc2 36. Rxe4 Qxe4 37. Qc5+ 1-0

[Event "33 Open Andorra Hotel St.Gothard "]
[Site "Erts-La Massana"]
[Date "2015.07.21"]
[Round "4.13"]
[White "Riff, Jean-Noel"]
[Black "Congiu, Mathilde"]
[Result "1-0"]
[WhiteElo "2502"]
[BlackElo "2303"]
[PlyCount "57"]
[EventDate "2015.??.??"]

1. e4 c5 2. Ne2 Nc6 3. d4 cxd4 4. Nxd4 Nf6 5. Nc3 g6 6. Nxc6 bxc6 7. e5 Ng8 8.
Bc4 Bg7 9. Qf3 e6 10. Bf4 Qa5 11. O-O-O Bxe5 12. Ne4 Kf8 13. Nd6 Nf6 14. Rhe1
Bxf4+ 15. Qxf4 Kg7 16. Re3 Rf8 17. Ra3 Qc5 18. Qxf6+ Kxf6 19. Ne4+ Ke7 20. Nxc5
d5 21. Ba6 Kd6 22. b4 e5 23. Bxc8 Rfxc8 24. Ra6 f5 25. c4 d4 26. f4 exf4 27.
Rxd4+ Ke5 28. Rd7 Rd8 29. Rxc6 1-0

[Event "33 Open Andorra Hotel St.Gothard "]
[Site "Erts-La Massana"]
[Date "2015.07.21"]
[Round "4.14"]
[White "Antoli Royo, Joaquin Miguel"]
[Black "Garcia Paolicchi, Raul"]
[Result "1-0"]
[WhiteElo "2430"]
[BlackElo "2158"]
[PlyCount "85"]
[EventDate "2015.??.??"]

1. e4 c5 2. Nf3 e6 3. d4 cxd4 4. Nxd4 a6 5. Be2 Nf6 6. Nc3 Qc7 7. O-O d6 8. f4
Be7 9. Kh1 Nc6 10. Be3 Bd7 11. Qe1 Nxd4 12. Bxd4 O-O 13. Qg3 Bc6 14. e5 Ne8 15.
Bd3 g6 16. Rae1 Ng7 17. Qh3 Rfe8 18. Re3 Bf8 19. exd6 Qxd6 20. Be5 Qc5 21. Ne4
Bxe4 22. Bxe4 Qc4 23. Rfe1 Nf5 24. Rc3 Qb4 25. a3 Qb6 26. g4 Nd6 27. Bg2 Bg7
28. Qh4 Qd8 29. Qf2 Qe7 30. Rb3 Rab8 31. Qc5 Bxe5 32. fxe5 Nb5 33. Qxe7 Rxe7
34. Rd1 Rc7 35. c3 h6 36. a4 Na7 37. Rd6 Nc8 38. Rxa6 Kf8 39. Ra5 Ne7 40. Ra7
Nd5 41. Bxd5 exd5 42. a5 Re7 43. Rb6 1-0

[Event "33 Open Andorra Hotel St.Gothard "]
[Site "Erts-La Massana"]
[Date "2015.07.21"]
[Round "4.15"]
[White "Fernandez Lopez, Joan"]
[Black "Roser, Kevin"]
[Result "0-1"]
[WhiteElo "2143"]
[BlackElo "2403"]
[PlyCount "38"]
[EventDate "2015.??.??"]

1. e4 c5 2. Nf3 d6 3. d4 cxd4 4. Nxd4 Nf6 5. Nc3 Nc6 6. f3 e5 7. Nb3 Be7 8. Be3
O-O 9. Qd2 a5 10. Na4 Be6 11. Nb6 a4 12. Nxa8 Qxa8 13. Nc1 a3 14. c3 d5 15.
exd5 Nxd5 16. Bf2 Rd8 17. Qc2 axb2 18. Qxb2 Ba3 19. Qc2 Ncb4 0-1

[Event "33 Open Andorra Hotel St.Gothard "]
[Site "Erts-La Massana"]
[Date "2015.07.21"]
[Round "4.16"]
[White "Picart, Laurent"]
[Black "Brochet, Philippe"]
[Result "1/2-1/2"]
[WhiteElo "2142"]
[BlackElo "2378"]
[PlyCount "114"]
[EventDate "2015.??.??"]

1. d4 d5 2. Nf3 Bf5 3. c4 e6 4. Nc3 c6 5. Bf4 Nd7 6. e3 Ngf6 7. Be2 Qb6 8. Qb3
Be7 9. h3 Ne4 10. c5 Qxb3 11. axb3 g5 12. Bh2 h5 13. Nd2 Nxd2 14. Kxd2 e5 15.
b4 exd4 16. exd4 Bf6 17. Bd3 Be6 18. Ne2 O-O 19. b5 cxb5 20. Bxb5 a6 21. Bd3
Nb8 22. Bxb8 Raxb8 23. b4 Rfe8 24. Rhb1 g4 25. hxg4 Bxg4 26. f3 Bg5+ 27. Kc2
Bd7 28. Re1 b6 29. Rxa6 bxc5 30. bxc5 Rb4 31. Rb6 Ra4 32. Reb1 Ra2+ 33. R1b2
Ba4+ 34. Kb1 Ra3 35. Bb5 Bxb5 36. R6xb5 Rae3 37. c6 Kg7 38. Rxd5 Bf6 39. Ng3
Re1+ 40. Kc2 h4 41. Ne4 Rc8 42. Rb6 Re2+ 43. Kd3 Rxg2 44. Nxf6 Kxf6 45. Rh5 Rh2
46. d5 Rh1 47. Ke4 Kg6 48. Rf5 f6 49. d6 Re8+ 50. Kf4 Rd1 51. Rb4 Rxd6 52. Rc5
Rc8 53. c7 Rd7 54. Rbc4 Rh7 55. Rc2 h3 56. Kg3 h2 57. Rxh2 Rcxc7 1/2-1/2

[Event "33 Open Andorra Hotel St.Gothard "]
[Site "Erts-La Massana"]
[Date "2015.07.21"]
[Round "4.17"]
[White "Berkovich, Mark A"]
[Black "Gil Quilez, Sonia"]
[Result "1-0"]
[WhiteElo "2376"]
[BlackElo "2101"]
[PlyCount "91"]
[EventDate "2015.??.??"]

1. c4 Nf6 2. Nc3 g6 3. g3 Bg7 4. Bg2 O-O 5. d3 d6 6. Bg5 Nc6 7. Qd2 Nd4 8. Nf3
Ne6 9. Bh6 a5 10. Bxg7 Kxg7 11. O-O c6 12. d4 Rb8 13. e4 d5 14. exd5 cxd5 15.
cxd5 Nxd5 16. Nxd5 Qxd5 17. Rfd1 f6 18. Rac1 Kg8 19. b3 Ng7 20. Rc5 Qd6 21.
Rxa5 Bg4 22. h3 Bf5 23. Qe2 Rfc8 24. Qe3 Rc7 25. d5 Bd7 26. Nd4 Qb4 27. Qd2 Qb6
28. b4 Rbc8 29. Nb3 Rc2 30. Qd4 Qd6 31. Nc5 Nf5 32. Qe4 Rb2 33. Nxb7 Qb6 34.
Nc5 Rxb4 35. Nxd7 Qxa5 36. Qe6+ Kg7 37. Nxf6 Rf8 38. Nd7 Rf7 39. Qe5+ Kh6 40.
Qe6 Kg7 41. g4 Nh4 42. Ne5 Rbf4 43. Nxf7 Rxf7 44. Qe5+ Kh6 45. g5+ Kh5 46. Qe2+
1-0

[Event "33 Open Andorra Hotel St.Gothard "]
[Site "Erts-La Massana"]
[Date "2015.07.21"]
[Round "4.19"]
[White "Nieves Cabanes, Javier"]
[Black "Guichard, Pauline"]
[Result "0-1"]
[WhiteElo "2141"]
[BlackElo "2353"]
[PlyCount "62"]
[EventDate "2015.??.??"]

1. d4 d5 2. c4 c6 3. Nf3 Nf6 4. Qc2 dxc4 5. Qxc4 Bg4 6. Nbd2 Nbd7 7. g3 e6 8.
Bg2 Be7 9. Ne5 Bh5 10. Nxd7 Nxd7 11. Nb3 a5 12. O-O a4 13. Nc5 Nxc5 14. dxc5
Qa5 15. g4 Bg6 16. Be3 h5 17. g5 O-O 18. f4 Rfd8 19. Rfc1 Bf5 20. Bf3 h4 21.
Bf2 e5 22. Bxh4 Be6 23. Qc2 Bxc5+ 24. Kh1 Rd2 25. Qe4 Bd5 26. Qxe5 Bd4 27. Qe7
a3 28. bxa3 Bxa1 29. Rxa1 Bxf3+ 30. exf3 Qxa3 31. Qe4 Qb2 0-1

[Event "33 Open Andorra Hotel St.Gothard "]
[Site "Erts-La Massana"]
[Date "2015.07.21"]
[Round "4.20"]
[White "Dubois, Pierre"]
[Black "Jolly, Jean-Francois"]
[Result "0-1"]
[WhiteElo "2112"]
[BlackElo "2345"]
[PlyCount "58"]
[EventDate "2015.??.??"]

1. e4 c5 2. Nc3 Nc6 3. Nge2 g6 4. g3 Bg7 5. Bg2 e6 6. O-O Nge7 7. d3 O-O 8. Bg5
h6 9. Be3 Nd4 10. Qd2 Kh7 11. Nd1 d5 12. Nf4 b6 13. c3 Bb7 14. h4 e5 15. cxd4
cxd4 16. Nxd5 Nxd5 17. exd5 Bxd5 18. Nc3 dxc3 19. bxc3 Bxg2 20. Kxg2 Qd5+ 21.
Kg1 Rad8 22. d4 f5 23. Rad1 Qf3 24. Qe1 f4 25. Bc1 exd4 26. cxd4 Rfe8 27. Qd2
fxg3 28. fxg3 Qxg3+ 29. Qg2 Bxd4+ 0-1

[Event "33 Open Andorra Hotel St.Gothard "]
[Site "Erts-La Massana"]
[Date "2015.07.22"]
[Round "5.1"]
[White "Granda Zuniga, Julio E"]
[Black "Vovk, Andrey"]
[Result "1/2-1/2"]
[WhiteElo "2652"]
[BlackElo "2621"]
[PlyCount "164"]
[EventDate "2015.??.??"]

1. b3 e5 2. Bb2 Nc6 3. e3 g6 4. Bb5 Nge7 5. d4 exd4 6. Nf3 Bg7 7. Nxd4 Nxd4 8.
Bxd4 Nf5 9. Bxg7 Nxg7 10. Qd4 O-O 11. O-O d5 12. Rd1 c6 13. Bf1 Bf5 14. Qb2 Qe7
15. Nd2 Rfd8 16. c4 Bg4 17. Re1 dxc4 18. Nxc4 Rac8 19. e4 Be6 20. Ne3 Qb4 21.
Nc2 Qa5 22. b4 Qg5 23. Ne3 Qf4 24. f3 Rc7 25. Qc3 Rcd7 26. a4 a6 27. Rad1 f6
28. Rxd7 Rxd7 29. Rd1 Rxd1 30. Nxd1 Bf7 31. Nf2 Qd6 32. Nd3 Qe7 33. a5 Ne6 34.
g3 Qd8 35. Kf2 Kg7 36. f4 b6 37. Ke3 Qc7 38. Bh3 bxa5 39. Bxe6 Bxe6 40. bxa5
Bc8 41. e5 fxe5 42. Nxe5 Qe7 43. Kf2 c5 44. Nd3+ Qf6 45. Qxc5 Bf5 46. Ne5 Qe6
47. Qc7+ Kh6 48. Qc4 Qe7 49. Qd4 Qe6 50. Qd2 Kg7 51. Qb2 h5 52. Nf3+ Kg8 53.
Nd4 Qc8 54. Qb3+ Kg7 55. Qd5 Bg4 56. Qc6 Qd8 57. Qc5 Qd7 58. Ke3 Kh6 59. Qe5
Kh7 60. Qc5 Qb7 61. Qc6 Qb4 62. Qc7+ Kh6 63. Ke4 Qe1+ 64. Kd5 Qd2 65. Qd8 Kg7
66. Qe7+ Kh6 67. Qd8 Kg7 68. Qb6 Qxh2 69. Qc7+ Kf6 70. Qd6+ Kf7 71. Ke5 Qxg3
72. Qf6+ Ke8 73. Qxg6+ Kd7 74. Qg7+ Ke8 75. Qg8+ Kd7 76. Qf7+ Kc8 77. Qe8+ Kc7
78. Qc6+ Kd8 79. Qd6+ Ke8 80. Nc6 Qc3+ 81. Nd4 Qxa5+ 82. Ke4 Qe1+ 1/2-1/2

[Event "33 Open Andorra Hotel St.Gothard "]
[Site "Erts-La Massana"]
[Date "2015.07.22"]
[Round "5.2"]
[White "Kogan, Artur"]
[Black "Vovk, Yuri"]
[Result "1/2-1/2"]
[WhiteElo "2526"]
[BlackElo "2632"]
[PlyCount "92"]
[EventDate "2015.??.??"]

1. e4 c5 2. Nf3 e6 3. Nc3 Nc6 4. d4 cxd4 5. Nxd4 Qc7 6. Be2 Nf6 7. O-O a6 8.
Kh1 Be7 9. f4 d6 10. Be3 O-O 11. Qe1 Bd7 12. Qg3 Kh8 13. Nf3 Nb4 14. Rac1 d5
15. exd5 Nbxd5 16. Nxd5 Nxd5 17. Bd4 f6 18. Ne5 Be8 19. c4 Nb4 20. a3 Rd8 21.
Nf3 Nc6 22. Be3 a5 23. Qf2 Rd7 24. Nd4 Nxd4 25. Bxd4 a4 26. Qe3 Bf7 27. Bb6 Qd6
28. Rfd1 Qc6 29. Rxd7 Qxd7 30. Rd1 Qc6 31. c5 Rc8 32. h3 h6 33. Bf3 Qb5 34. Qe2
Qxe2 35. Bxe2 Be8 36. Bf3 Bc6 37. Bxc6 Rxc6 38. Rd4 Bxc5 39. Bxc5 Rxc5 40. Rxa4
g5 41. Re4 Rc6 42. fxg5 hxg5 43. Rb4 b6 44. h4 gxh4 45. Rxh4+ Kg7 46. Rb4 f5
1/2-1/2

[Event "33 Open Andorra Hotel St.Gothard "]
[Site "Erts-La Massana"]
[Date "2015.07.22"]
[Round "5.3"]
[White "Pulvett Marin, Daniel"]
[Black "Tkachiev, Vladislav"]
[Result "0-1"]
[WhiteElo "2446"]
[BlackElo "2661"]
[PlyCount "58"]
[EventDate "2015.??.??"]

1. d4 Nf6 2. c4 e6 3. Nf3 d5 4. Bg5 h6 5. Bxf6 Qxf6 6. Nbd2 Be7 7. g3 c5 8. e4
Nc6 9. e5 Qg6 10. Bg2 Qd3 11. Bf1 Qf5 12. cxd5 exd5 13. Bg2 cxd4 14. O-O O-O
15. Re1 d3 16. Nb3 Qg6 17. Re3 Bf5 18. Bf1 Nb4 19. Nfd4 Be4 20. f3 Bg5 21. Re1
d2 22. Nxd2 Bc2 23. Nxc2 Nxc2 24. Nb3 Be3+ 25. Rxe3 Nxe3 26. Qd3 Qxd3 27. Bxd3
Nc4 28. Bxc4 dxc4 29. Na5 Rfc8 0-1

[Event "33 Open Andorra Hotel St.Gothard "]
[Site "Erts-La Massana"]
[Date "2015.07.22"]
[Round "5.4"]
[White "Iturrizaga Bonelli, Eduardo"]
[Black "Demuth, Adrien"]
[Result "1/2-1/2"]
[WhiteElo "2625"]
[BlackElo "2531"]
[PlyCount "76"]
[EventDate "2015.??.??"]

1. c4 f5 2. Nc3 Nf6 3. g3 g6 4. Bg2 Bg7 5. b4 O-O 6. Bb2 e5 7. d3 d6 8. Nf3 h6
9. e4 fxe4 10. dxe4 Be6 11. Qd3 a5 12. b5 Nbd7 13. Ba3 g5 14. O-O Rc8 15. Nd5
b6 16. Ne1 Qe8 17. Nc2 Kh8 18. Nce3 Ng4 19. Nc2 h5 20. h3 Nh6 21. Qd2 g4 22. h4
Nf6 23. Bb2 Bxd5 24. exd5 Qg6 25. Rae1 Rf7 26. c5 bxc5 27. Ne3 Nf5 28. Nxf5
Qxf5 29. Qxa5 e4 30. Bxf6 Qxf6 31. Bxe4 Qb2 32. Bg6 Rf6 33. Re6 Rcf8 34. Rxf6
Qxf6 35. Bb1 Rf7 36. Qa8+ Rf8 37. Qa5 Rf7 38. Qa8+ Rf8 1/2-1/2

[Event "33 Open Andorra Hotel St.Gothard "]
[Site "Erts-La Massana"]
[Date "2015.07.22"]
[Round "5.5"]
[White "Vazquez Igarza, Renier"]
[Black "Kalegin, Evgenij"]
[Result "1/2-1/2"]
[WhiteElo "2581"]
[BlackElo "2445"]
[PlyCount "55"]
[EventDate "2015.??.??"]

1. Nf3 Nf6 2. c4 g6 3. b3 Bg7 4. Bb2 d6 5. d4 O-O 6. g3 Bf5 7. Bg2 Qc8 8. O-O
Bh3 9. Nc3 Bxg2 10. Kxg2 c5 11. Rc1 Nbd7 12. Qd2 b6 13. e4 Qb7 14. Rfe1 a6 15.
Nd5 Rae8 16. dxc5 bxc5 17. h3 Nxd5 18. Bxg7 Kxg7 19. Qxd5 Rb8 20. Qxb7 Rxb7 21.
e5 Nxe5 22. Nxe5 dxe5 23. Rxe5 Rc8 24. Rd1 a5 25. Rdd5 Rbc7 26. Kf1 e6 27. Rd6
a4 28. Rb6 1/2-1/2